1287 1574 1564 1537 1942 1315 1631 1418 1779 1192 1622 1834 1499 1900 1197 1246 1789 1889 1187 1960 1126 1061 1868 1865 1209 1044 1991 1239 1621 1900 1943 1303 1965 1083 1617 1281 1318 1500 1822 1831 1421 1861 1754 1903 1239 1194 1948 1914 1690 1064 1039 1048 1689 1542 1914 1541 1248 1748 1503 1378 1453 1925 1069 1313 1835 1064 1724 1231 1662 1924 1145 1911 1867 1396 1308 1112 1345 1161 1875 1173 1852 1582 1352 1989 1587 1590 1376 1126 1158 1613 1296 1226 1762 1056 1862 1344 1468 1290 1740 BCNSPRNW ULIB Ver.6.0+V

เปลี่ยนเป็นภาษาไทย

Change to English
 แสดงรายละเอียดบรรณานุกรม
  กลับหน้าหลัก

Brief Record : Get Marc (ISO 2709) : E-mail record : QR code < ปิดหน้าต่าง
LEADER : 00000nam 2200000uu 4500
001    13399113414
003     ULIB
008    020711s2553 th a 000 0 tha d
020    ^a9749742052850
099    ^aนว.ซ115จ 250
100    ^aฬีฬา
245    ^aจะรักได้ไหม...ถ้าหัวใจตรงกัน/^cฬีฬา
250    ^aพิมพ์ครั้งที่ 1
260    ^aกรุงเทพฯ :^bคลังวิทยา,^c2550
300    ^a238 หน้า
710 1  คลังวิทยา
945    ^p150^l0^i021009
995    ทศพร
999 ^a ^aวรรณษา ชูชัยมงคล
รายการนี้ยังไม่มีแท็ก
คุณยังไม่ได้ล็อกอิน คุณสามารถมีกิจกรรมร่วมกับเว็บไซต์ได้ แต่ต้องล็อกอินก่อน ::
  ล็อกอิน

รายการสื่อสารสนเทศ

ลำดับที่ ประเภท เลขเรียก/บาร์โค้ด สถานที่ สถานะ
1. นวนิยาย
นวนิยาย
นว.ซ115จ 250 ฉ.1 
  Barcode: 021009
ห้องสมุดวิทยาเขตสวรรค์ประชารักษ์
►นวนิยาย
บนชั้น
  ขอยืม

รายการใกล้เคียง
    ผู้แต่ง [ฬีฬา]

BibComment


ยังไม่เคยถูกคอมเมนท์

คอมเมนท์ทรัพยากรรายการนี้
  คอมเมนท์: จะรักได้ไหมถ้าหั..


 Copyright 2026. Bcnsprnw @Library